000 00544nam a2200193Ia 4500
003 OSt
005 20221007082721.0
006 a|||||r|||| 00| 0
007 ta
008 221006b |||||||| |||| 00| 0 eng d
024 _a22,888
037 _cDissertations
040 _aFLL
_cFLL
_beng
041 _2eng
_aeng
100 _aGulati Anil Kumar
_9524127
245 0 _aDispensation of justice through tribunals with special reference to railway rates tribunal
942 _cDIS
_2CC
999 _c1167483
_d1167483